[Event "FRA-ch U16 Girls"]
[Site "Aix les Bains"]
[Date "2009.04.22"]
[Round "5"]
[White "Gassama, Aissatou"]
[Black "Alonso, Audrey"]
[Result "0-1"]
[WhiteElo "1520"]
[BlackElo "1774"]
[PlyCount "68"]
[EventDate "2009.04.19"]
[EventType "swiss"]
[EventRounds "9"]
[EventCountry "FRA"]
[SourceTitle "CBM 130 Extra"]
[Source "ChessBase"]
[SourceDate "2009.07.02"]
[SourceVersion "2"]
[SourceVersionDate "2009.07.15"]
[SourceQuality "1"]

1. e4 e5 2. Nf3 Nc6 3. Bc4 Be7 4. c3 Nf6 5. d3 d6 6. h3 Na5 7. 0-0 Nxc4 8. Qa4+ c6 9. Qxc4 Be6 10. Qa4 0-0 11. Be3 Qc7 12. Nbd2 Nd7 13. Rfe1 f5 14. exf5 Bxf5 15. Qc2 Kh8 16. Rad1 Rae8 17. Nf1 Bxh3 18. Ng5 Bxg5 19. gxh3 Bxe3 20. Rxe3 Rf7 21. Ng3 Ref8 22. Rf1 Qd8 23. Re2 Nc5 24. d4 Ne6 25. dxe5 Nf4 26. Rd2 Nxh3+ 27. Kg2 Nf4+ 28. Kg1 d5 29. Re1 Qh4 30. Nh1 Qg4+ 31. Ng3 Qh3 32. f3 Qxg3+ 33. Kf1 Qxf3+ 34. Rf2 Qh1# 0-1